Madaras-halmok Kr. u. 2-5. századi szarmata temető /

Elmentve itt :
Bibliográfiai részletek
Szerzők: Kőhegyi Mihály
Vörös Gabriella
További közreműködők: Felföldi Szabolcs
Dokumentumtípus: Könyv
Megjelent: Szegedi Tudományegyetem Régészeti Tanszék Szeged 2011
Sorozat:Monográfiák a Szegedi Tudományegyetem Régészeti Tanszékéről 1.
Kulcsszavak:Szarmaták - régészet - leletek, Régészet - leletek - szarmata - Kárpát-medence, Kunmadaras
Tárgyszavak:
Online Access:http://acta.bibl.u-szeged.hu/62613
LEADER 01003nam a2200241 i 4500
001 acta62613
005 20230322153138.0
008 191011s2011 hu o 0|| hun d
020 |a 978-963-306-014-8 
022 |a 2062-9877 
040 |a SZTE Egyetemi Kiadványok Repozitórium  |b hun 
041 |a hun 
100 1 |a Kőhegyi Mihály 
245 1 0 |a Madaras-halmok   |h [elektronikus dokumentum] :  |b Kr. u. 2-5. századi szarmata temető /  |c  Kőhegyi Mihály 
260 |a Szegedi Tudományegyetem Régészeti Tanszék  |b Szeged  |c 2011 
300 |a 455 p.  |c 30 cm 
490 0 |a Monográfiák a Szegedi Tudományegyetem Régészeti Tanszékéről  |v 1. 
650 4 |a Bölcsészettudományok 
650 4 |a Történettudomány és régészet 
695 |a Szarmaták - régészet - leletek, Régészet - leletek - szarmata - Kárpát-medence, Kunmadaras 
700 0 1 |a Felföldi Szabolcs 
700 0 1 |a Vörös Gabriella  |e aut 
856 4 0 |u http://acta.bibl.u-szeged.hu/62613/1/regeszeti_monografiak_001.pdf  |z Dokumentum-elérés